00374 2200157 4500001002100000005001500021035002000036245003000056100001700086250001200103300002900115260003200144082000800176084001400184020001800198INLIS00000000000087220241015092336 a0010-10240000371 ablue romance /cplotpoint0 asheva thalia apertama avi, 216 hlm :bilustrasi ajakarta :bplotpoint,c2012 a813 a813 SHE b a9786029481167